000 01915cam a22004574i 4500
003 PE-LiUPU
005 20250731173353.0
008 150706s r 000 0 d
020 _a8472398773
035 _a(Sirsi) i9788472398771
040 _aPE-LiUPU
_bspa
_cPE-LiUPU
_erda
049 _aPRUA
082 0 4 _a248.1
_bI68
_221
100 1 _aIragui Redín, Marcelino,
_eautor.
245 1 0 _aHacia Dios en la noche /
_cMarcelino Iragui Redín.
264 1 _aBurgos :
_bMonte Carmelo,
_c2004.
300 _a253 páginas ;
_c21 centímetros
336 _atext
_2rdacontent
337 _aunmediated
_2rdamedia
338 _avolume
_2rdacarrier
505 0 _aPreanuncio de la noche -- ¡Tu Dios reina! -- Por la secreta escala de la Fe -- Esperanza tanto cuanto espera alcanza -- Hacia la plenitud del amor -- Entra en el gozo de tu Señor -- Otros factores o componentes de la noche -- Asalto al sentido -- Asalto al pecado -- Asalto al montaje humano -- Fin y principio -- Noche del espíritu: el ser humano triturado -- ¿Cómo actuar en la noche? -- Noche de espíritu: El ser humano divinizado -- Noche de pasión vicaria.
526 _aSEG42
526 _aSEG41
526 _aSEG40
526 _aSEG39
526 _aP94
526 _aP87
526 _aP86
526 _aP85
526 _aP77
526 _aP76
526 _aP35
541 _g007-0020800;
650 0 4 _aEspiritualidad.
910 _bjv
_clch
_d20100625
942 _2ddc
_cBOOK
949 _a248.1 I68
_wDEWEY
_c1
_i61901
_lCCODEBUL1
_mBUL
_p17.00
_r0
_sY
_tBOOK
_u2015-7-6
_xTEOLOGIA
_PP35
_0COMPRA
_o.STAFF. Colección General
994 _aC0
_bPEPRU
596 _a1
999 _a248.1 I68
_wDEWEY
_c51047
_i61901
_f2021-11-10
_g5
_lCCODEBUL1
_mBUL
_p17.00
_r0
_sY
_tBOOK
_u2015-7-6
_xTEOLOGIA
_PP35
_0COMPRA
_o.STAFF. Colección General
_d51047
980 _81
_gALBERTO SANCHEZ Responsable de Automatización